| 000 | 00628nam a2200229 a 4500 | ||
|---|---|---|---|
| 001 | BRL_773 | ||
| 005 | 20190320210905.0 | ||
| 008 | 041013s1964----mx-ad#####---#000-0#spa-# | ||
| 041 | _aspa | ||
| 044 | _amx | ||
| 050 | 4 |
_aSB323 _b.G35 1964 |
|
| 100 | 1 |
_aGallardo, Ciro César _924898 |
|
| 245 | 1 | 0 |
_aCultivo de hortalizas en el hogar _cCiro César Gallardo. |
| 260 |
_aMéxico _bSecretaría de Educación Pública _c1964 |
||
| 300 |
_a151 p. _bil. _c17 cm. |
||
| 440 | 0 |
_aTécnica y ciencia _v41 _924899 |
|
| 500 | _aAu859 | ||
| 650 | 1 | 4 |
_aHorticultura _917020 |
| 650 | 1 | 4 |
_aHortalizas _924900 |
| 902 | _aGRL | ||
| 942 |
_2lcc _cB |
||
| 999 |
_c9585 _d9585 |
||